000 00326nam a22001453 4500
001 206840
005 20250626133706.0
090 _a206840
100 _a20250626 ukry50
101 _aukr
102 _aUA
200 _a
210 _d2025
801 _2unimarc
_aUA
_gpsbo
942 _cJOURNAL